书目信息 |
| 题名: |
现代城市更新
|
|
| 作者: | 阳建强 编 | |
| 分册: | ||
| 出版信息: | 东南大学 1999.08 |
|
| 页数: | 226页 | |
| 开本: | 16开 | |
| 丛书名: | ||
| 单 册: | ||
| 中图分类: | TU984.11 | |
| 科图分类: | ||
| 主题词: | 城市规划 | |
| 电子资源: | ||
| ISBN: | 7-81050-459-2 | |
| 000 | 00526nam0 2200181 45 | |
| 001 | 0003150924 | |
| 005 | 20000315092043.7 | |
| 010 | @a7-81050-459-2@d42.00元 | |
| 100 | @a20000315d1999 km y0chiy0120 ea | |
| 101 | @achi | |
| 200 | 1 | @a现代城市更新@AXian Dai Cheng Shi Geng Xin@f阳建强,吴明伟编@FYang Jian Qiang,Wu Ming Wei Bian |
| 210 | @c东南大学@d1999.08 | |
| 215 | @a226页@d16开 | |
| 606 | 0 | @a城市规划 |
| 690 | @aTU984.11@v3 | |
| 701 | @a阳建强@4编 | |
| 801 | @aCN@bPftUser@c20000315 | |
| 905 | @f2@b50661-662@dTU984.11@eY863 | |
| 现代城市更新/阳建强,吴明伟编.-东南大学,1999.08 |
| 226页;16开 |
| ISBN 7-81050-459-2:42.00元 |
| ● |
| 相关链接 |
|
|
|
正题名:现代城市更新
索取号:TU984.11/Y863
 
预约/预借
| 序号 | 登录号 | 条形码 | 馆藏地/架位号 | 状态 | 备注 |
| 1 | 50661 | 200506611 | 建筑与城市规划学院资料室/ [索取号:TU984.11/Y863] | 在馆 | |
| 2 | 50662 | 200506620 | 建筑库201/ [索取号:TU984.11/Y863] |
已借出,限还日期为2022.05.25 借出人:生青杰 |
|
| 3 | 63659 | 200636598 | 自科二线404/404自科库 4排6列1层/ [索取号:TU984.11/Y863] | 在馆 | |
| 4 | 63661 | 200636614 | 自科二线404/404自科库 21排4列3层/ [索取号:TU984.11/Y863] | 在馆 | |
| 5 | 63662 | 200636623 | 自科二线404/404自科库 4排6列1层/ [索取号:TU984.11/Y863] | 在馆 | |
| 6 | 63663 | 200636632 | 自科二线404/404自科库 4排6列1层/ [索取号:TU984.11/Y863] | 在馆 |